Naučme sa po anglicky
Guardado en:
| Otros Autores: | |
|---|---|
| Formato: | Libro |
| Lenguaje: | eslovaco inglés |
| Publicado: |
Bratislava
Viktoria Print
[2009]
|
| Materias: | |
| Etiquetas: |
Sin Etiquetas, Sea el primero en etiquetar este registro!
|
MARC
| LEADER | 00000nam$a2200000$$$4500 | ||
|---|---|---|---|
| 001 | 0096224 | ||
| 005 | 20240502072052.3 | ||
| 020 | |a 978-80-89251-40-7 | ||
| 041 | 0 | |a slo | |
| 041 | 0 | |a eng | |
| 044 | |a SK | ||
| 245 | 1 | 0 | |a Naučme sa po anglicky |c z poľštiny preložila Marta Grossmanová |
| 264 | 1 | |a Bratislava |b Viktoria Print |c [2009] | |
| 300 | |a 346 s. |e CD-ROM | ||
| 610 | 2 | 0 | |a jazykoveda |
| 610 | 2 | 0 | |a jazyky cudzie |
| 610 | 2 | 0 | |a terminológia |
| 700 | 1 | |a Grossmanová, Marta | |